000 00732nam a2200241Ia 4500
003 OSt
005 20220925200531.0
006 a|||||r|||| 00| 0
007 ta
008 220923b |||||||| |||| 00| 0 eng d
037 _cGeneral Book
040 _aRTL
_cRTL
_beng
041 _2eng
_aeng
082 _aX:54.2.N7, L8
100 _aPanchamukhi V. R.
_926751
245 0 _aTrade policies of India
_b A quantitative analysis
260 _aDelhi
_bConcept Publishing India
_c1978
300 _axiv, 317p. Bibliography p.296-312; Appendix p.253-95
_ccm.
650 _a Economics
650 _aInternational Trade
942 _hX:54.2.N7, L8
_cGB
_2CC
999 _c536959
_d536959